000 00554 a2200205 4500
005 20260128102824.0
008 260127b |||||||| |||| 00| 0 eng d
020 _a9781032524412
_cRs. 995.00
040 _aMAIN
082 _a305.40954
_bB213C
100 _aBallhatchet, Kenneth
245 _aCaste, class and catholicism in India 1789-1914
260 _bRoutledge
_c2023
_aLondon
300 _axxi, 175
650 _aSocial Science
650 _aSocial Groups
650 _aSocial Differentiation
650 _aCaste-India
942 _cBK
999 _c394621
_d394621